000 00604nam a2200169 i 4500
001 101326
003 ES-MaACL
005 20230906182855.0
007 t|
008 051017s1970 sp ||||1| spa d
100 1 _aMaza, Jesús de la.
_979451
245 1 0 _aCriterios y factores que condicionar los aprovechamientos forestales /
_cJesús de la Maza.
260 _aMadrid :
_bInstituto Forestal de Investigaciones y Experiencias,
_c1970.
300 _a1 v. con 3 lám. :
_bil. ;
_c22 cm.
710 2 _aInstituto Forestal de Investigaciones y Experiencias.
_95059
852 _aES-MaACL
_jP-1591
_bR.76284
999 _c101326
_d101326